[Event "11th KIIT Festival 2018"]
[Site "Bhubaneswar"]
[Date "2018.05.27"]
[Round "4"]
[White "Akash Pc, Iyer"]
[Black "Manu David Suthandram R"]
[Result "1-0"]
[WhiteElo "2432"]
[BlackElo "2028"]
[Annotator "TA"]
[PlyCount "99"]
[EventDate "2018.??.??"]
[EventType "swiss"]
[EventCountry "IND"]
[SourceTitle "playchess.com"]
[Source "ChessBase"]
[SourceQuality "1"]

{[%evp 9,98,4,18,7,8,0,15,-3,16,10,14,-10,-3,-12,31,30,39,38,43,10,53,23,29,32,52,35,64,70,139,137,123,120,148,151,144,145,220,215,230,226,231,216,429,435,416,431,425,426,425,410,428,424,416,422,471,468,465,446,672,639,887,887,887,873,832,743,912,912,868,829,29972,29974,29973,29974,29990,29991,29991,29992,29993,29994,29995,29996,29996,29996,29996,29997,29997,29997,29998,29999,29999]} 1. d4 Nf6 2. c4 e6 3. Nc3 d5 4. Nf3 c6 5. g3 Bb4 {LiveBook: 17 Games} 6. a3 {E01: Catalan: Early deviations} (6. Bg2 Nbd7 7. Qb3 Be7 8. O-O O-O 9. Rd1 b6 10. Ne5 Bb7 11. Nxd7 Qxd7 12. e4 Nxe4 13. Nxe4 dxe4 14. Bxe4 Rfd8 {1-0 (41) Harikrishna,P (2673)-Lopez Martinez,J (2540) Gibraltar 2009}) 6... Bxc3+ 7. bxc3 Ne4 8. Qc2 {The position is equal.} Qa5 9. Bb2 O-O $146 ({Predecessor:} 9... Nd7 10. Ne5 Nxe5 11. dxe5 Qc7 12. Bg2 Qxe5 13. cxd5 exd5 {½-½ (31) Hardarson,J (2117)-Thorsteinsson,A (2202) Reykjavik 2016}) 10. Bg2 Nd7 {[%cal Bb8d7,Bd7f6,Bf6g4][%mdl 32]} 11. O-O f5 12. cxd5 exd5 13. a4 Re8 14. Rfc1 Ndf6 15. Ne5 Ng4 16. Nd3 Be6 17. Ba3 Qc7 18. Qb2 Bf7 (18... Ngf6 $14) 19. f3 $36 {[%mdl 2048] Keeping Black busy.} Nxh2 20. Ne5 ({Don't play} 20. fxe4 $6 Qxg3 21. Ne5 Ng4 $11) 20... Nxf3+ 21. exf3 Nxg3 22. Re1 Nh5 (22... f4 $16 {was necessary.} 23. a5 b6) 23. Bh3 $18 Be6 24. Qh2 g6 25. Kh1 f4 $2 {[#]} (25... Qa5 {is a better defense.} 26. Bb2 Qc7) 26. Nxg6 $1 {[%mdl 512]} Ng3+ (26... hxg6 27. Bxe6+) 27. Kg1 hxg6 28. Bxe6+ Kg7 29. Qh4 Rh8 30. Qe7+ Qxe7 31. Bxe7 Nf5 32. Bxf5 gxf5 33. Bd6 Rh4 (33... Kg6 $142 34. Bxf4 Rh4) 34. Ra2 {[#] Black must now prevent Rg2+.} Rg8 35. Rg2+ Kh8 36. Rxg8+ Kxg8 {[%mdl 4096] Endgame KRB-KR} 37. Kg2 Kf7 38. Re7+ Kg6 39. Rxb7 Rh7 40. Rxh7 {White mates.} Kxh7 41. Bxf4 c5 42. dxc5 {KB-K3P} Kg6 43. c6 Kh5 44. c7 a6 45. c8=Q Kg6 46. Qe8+ Kf6 47. Be5+ Kg5 48. f4+ Kh4 49. Qe7+ Kg4 50. Qg5# {Precision: White = 77%, Black = 27%.} 1-0

[Event "11th KIIT Festival 2018"]
[Site "Bhubaneswar"]
[Date "2018.05.27"]
[Round "4"]
[White "Gukesh D"]
[Black "Sangma, Rahul"]
[Result "1-0"]
[WhiteElo "2426"]
[BlackElo "2295"]
[Annotator "TA"]
[PlyCount "97"]
[EventDate "2018.??.??"]
[EventType "swiss"]
[EventCountry "IND"]
[SourceTitle "playchess.com"]
[Source "ChessBase"]
[SourceQuality "1"]

{[%evp 20,97,30,8,8,14,16,14,18,8,8,0,7,10,21,0,24,13,43,43,58,29,70,95,83,82,56,37,40,32,108,106,139,139,112,111,147,149,163,139,139,139,166,128,121,91,144,121,121,122,375,343,406,408,464,440,450,450,450,412,433,345,341,319,354,354,399,407,443,433,996,658,641,641,29994,29995,29995,29996,29996,29994]} 1. Nf3 d5 2. g3 Bg4 3. Bg2 Nd7 4. O-O c6 5. d3 Ngf6 6. h3 Bh5 7. Qe1 {A07: Réti Opening: New York and Capablanca Systems} e5 8. e4 dxe4 (8... Bd6 9. exd5 Bxf3 10. Bxf3 Nxd5 11. Nc3 Nxc3 12. bxc3 O-O 13. a4 a5 14. Bg2 Qc7 {½-½ (75) Howell,D (2682)-Vitiugov,N (2732) Caleta 2018}) 9. dxe4 a5 10. a4 Bc5 11. Na3 {LiveBook: 15 Games} Bxf3 12. Bxf3 Nb6 13. Nb1 $146 {[%cal Ba3b1,Bb1d2,Bd2f3,Bf3e1,Be1d3][%mdl 32]} ({Predecessor:} 13. b3 Qd6 14. Bb2 {1-0 (61) Pytel,K (2500)-Lawton,G (2375) Avoine 1994}) 13... Qe7 14. Nd2 O-O 15. Qe2 Qe6 16. Bg2 Rfe8 17. b3 Nfd7 18. Nf3 Nf8 19. Bb2 f6 20. Ne1 Bd4 21. Bxd4 exd4 22. Rd1 Qe5 23. Qd3 Rad8 24. Qd2 $36 {[%mdl 2048] White fights for an advantage.} Ne6 (24... Qg5 $14) 25. Nd3 $16 Qg5 {[#]} 26. Qe1 $1 Ra8 27. f4 {[%cal Bf2f4,Bf4f5][%mdl 32]} Qh5 28. f5 Nf8 29. Nf4 Qf7 30. Rxd4 Nbd7 31. Qc3 Ne5 32. Rfd1 Qc7 ({Black should play} 32... Qe7) 33. Kh1 Rad8 34. Bf1 g6 $2 {[%mdl 8192] [#]} (34... Kh8 $16 35. Be2 Rxd4 36. Qxd4 (36. Rxd4 b6 $16) 36... Qe7) 35. Nd5 $1 $18 {[%mdl 512]} Rxd5 (35... cxd5 36. Qxc7) 36. exd5 {[%cal Be4d5,Bd5d6][%mdl 32]} c5 37. d6 Qc8 38. Rf4 g5 39. Rf2 b6 40. Bg2 Kg7 41. Qd2 Rd8 42. Re1 Nfd7 43. Rfe2 h6 44. Qd5 {[%cal Re2e5] aiming for Rxe5!} Qb8 (44... Re8 $142 45. c4 Rg8) 45. Rxe5 Nxe5 46. Rxe5 {White wants to mate with Re7+.} fxe5 47. Qxe5+ {White mates.} Kh7 48. Qe7+ Kh8 49. f6 {Precision: White = 69%, Black = 37%.} 1-0

[Event "11th KIIT Festival 2018"]
[Site "Bhubaneswar"]
[Date "2018.05.27"]
[Round "4"]
[White "Kaustuv, Kundu"]
[Black "Rozum, Ivan"]
[Result "0-1"]
[WhiteElo "2360"]
[BlackElo "2581"]
[Annotator "TA"]
[PlyCount "88"]
[EventDate "2018.??.??"]
[EventType "swiss"]
[EventCountry "IND"]
[SourceTitle "playchess.com"]
[Source "ChessBase"]
[SourceQuality "1"]

{[%evp 25,88,17,34,18,23,-16,-25,-23,-25,-30,15,0,31,-25,13,-35,-21,-27,7,0,0,-14,0,7,17,17,35,16,31,5,52,59,75,63,48,37,89,39,49,0,0,0,0,0,0,0,0,-8,11,11,11,11,11,8,21,0,196,194,177,184,191,0,0,-236,-222]} 1. c4 g6 2. g3 Bg7 3. Bg2 d6 4. Nc3 e5 5. Nf3 Nc6 6. Rb1 a5 7. a3 f5 8. d3 h6 9. O-O Nf6 10. b4 axb4 11. axb4 O-O 12. b5 Ne7 13. Nd2 g5 {LiveBook: 7 Games. A26: English Opening vs King's Indian with ...Nc6 and d3} (13... c6 14. Qb3 Be6 15. Ba3 g5 16. Ra1 g4 17. Rfb1 h5 18. bxc6 {½-½ (18) Khairullin,I (2630)-Korobov,A (2694) Moscow 2015}) 14. Qb3 Kh8 15. Nd5 Nexd5 {The position is equal.} 16. cxd5 b6 17. Bb2 Bb7 18. e4 $146 ({Predecessor:} 18. Rfc1 Qd7 19. Qc4 Rfc8 20. e4 Qf7 21. Ra1 Rxa1 22. Rxa1 Ra8 23. Rxa8+ Bxa8 {½-½ (23) Garces,D-Paleologu,V (2074) Geneve 2001}) 18... f4 19. f3 ({White should play} 19. d4 $14) 19... h5 20. Nc4 Nd7 21. Qc2 Qe7 22. Bh3 Bc8 23. Ba3 Nf6 24. Bxc8 Raxc8 25. Qg2 Rg8 26. Qh3 Bh6 27. Kh1 Qh7 28. gxf4 $1 exf4 29. Bb2 Bg7 30. Rg1 Qh6 (30... Qg6 $14) 31. Qf5 Nh7 $1 32. Bxg7+ Qxg7 33. Qh3 Qg6 34. Rb2 Rce8 35. Qf1 Rg7 36. h4 g4 37. fxg4 hxg4 {And now ...Qh6 would win.} 38. Qxf4 {Ne3 is the strong threat.} Rf8 $1 {[%cal Rf8f4]} 39. Qg3 $36 {[%mdl 2048] White has good play.} Nf6 {[%cal Bh7f6,Bf6h5,Bh5f4][%mdl 32] aiming for ...Nh5.} 40. Rf2 Rfg8 $2 (40... Rff7 $11 {and Black is okay.}) 41. Rf5 $18 Nh5 42. Qe3 $1 g3 {[#] White must now prevent ...g2+.} 43. Rg5 $2 ({Better is} 43. Kg2 $1 $18) 43... Qh7 $11 44. Qd4 $2 {[#]} (44. Rxg7 $1 $11 {and White has nothing to worry.} Rxg7 45. Ra1) 44... Nf4 $1 {Precision: White = 41%, Black = 36%.} ({But not} 44... Nf6 $2 45. Qxf6 Qxh4+ 46. Kg2 $18) 0-1

[Event "11th KIIT Festival 2018"]
[Site "Bhubaneswar"]
[Date "2018.05.27"]
[Round "4"]
[White "Ravi, Teja S"]
[Black "Ghosh, Diptayan"]
[Result "1/2-1/2"]
[WhiteElo "2338"]
[BlackElo "2536"]
[Annotator "TA"]
[PlyCount "91"]
[EventDate "2018.??.??"]
[EventType "swiss"]
[EventCountry "IND"]
[SourceTitle "playchess.com"]
[Source "ChessBase"]
[SourceQuality "1"]

{[%evp 19,91,7,10,6,8,0,7,0,17,-3,-10,-6,-8,-16,-20,-14,-20,-24,-24,-21,-15,-29,-14,-32,8,8,8,0,0,0,0,0,0,0,0,0,0,0,0,0,0,0,0,0,0,0,0,0,0,0,0,-11,-11,-10,0,0,0,0,0,0,0,0,0,0,0,0,0,0,0,0,0,0,0,0]} 1. d4 Nf6 2. Nf3 e6 3. e3 c5 4. Bd3 d5 5. O-O Nbd7 6. Nbd2 Be7 7. c3 O-O 8. e4 dxe4 9. Nxe4 Nxe4 10. Bxe4 Nf6 11. Bc2 {D05: Damenbauernspiele (Colle-Aufbau)} b6 12. dxc5 (12. Qe2 Bb7 13. Rd1 Qc7 14. Bg5 Ng4 15. Bxe7 Qxe7 16. d5 Rad8 17. h3 Nf6 18. dxe6 Qxe6 19. Qxe6 fxe6 20. Ne5 Rd5 21. Rxd5 exd5 22. Re1 {½-½ (22) Dgebuadze,A (2531)-Span,P (2294) Dieren 2002}) 12... Bxc5 13. Bg5 Bb7 14. Ne5 $146 ({Vorgänger:} 14. Qxd8 Raxd8 15. Bxf6 gxf6 16. Rad1 Bxf3 17. gxf3 Kg7 18. Rxd8 Rxd8 19. Rd1 Rxd1+ 20. Bxd1 Bd6 21. Kg2 Kg6 {½-½ (20) Mrvova,A-Gunova,M Slovakia 1995}) 14... h6 15. Bxf6 Qxf6 16. Qd3 {[%csl Gc2][%cal Rd3h7] [#]} g6 17. Nd7 Qg5 {[%csl Gb7][%cal Rg5g2]} 18. Qg3 Qxg3 19. hxg3 Rfc8 20. Nxc5 Rxc5 21. Rfd1 Rc7 22. g4 {Die Stellung ist ausgeglichen.} Kg7 23. f3 Rh8 24. Rd4 h5 25. gxh5 Rxh5 26. Rad1 Rhc5 27. Kf2 Kf6 28. Rd7 Bd5 29. Rxc7 Rxc7 $11 {[%mdl 4096] Endspiel KTL-KTL} 30. Bb3 Bb7 31. Ba4 Ke7 32. Bb5 g5 33. Be2 e5 34. g4 e4 35. Rd4 exf3 36. Bxf3 Bxf3 37. Kxf3 {KT-KT} Rc5 38. c4 f5 39. b4 Re5 40. gxf5 Rxf5+ 41. Kg4 Re5 42. a3 Ke6 43. Kf3 Rf5+ 44. Kg4 Re5 45. Kf3 Rf5+ 46. Kg3 {Precision: Weiß = 66%, Schwarz = 86%.} 1/2-1/2

[Event "11th KIIT Festival 2018"]
[Site "Bhubaneswar"]
[Date "2018.05.27"]
[Round "4"]
[White "B, Sekar"]
[Black "Tran, Tuan Minh"]
[Result "1/2-1/2"]
[WhiteElo "2304"]
[BlackElo "2512"]
[Annotator "TA"]
[PlyCount "122"]
[EventDate "2018.??.??"]
[EventType "swiss"]
[EventCountry "IND"]
[SourceTitle "playchess.com"]
[Source "ChessBase"]
[SourceQuality "1"]

{[%evp 13,122,18,13,0,21,29,27,16,18,8,6,0,19,8,20,16,10,0,23,11,17,11,25,-16,0,-26,-30,-37,-36,-37,-26,-28,-28,-28,-32,-40,-25,-13,0,-32,-31,-51,-44,-97,-97,-97,-97,-97,-97,-102,-97,-79,-29,-38,-41,-41,0,0,0,-97,0,0,0,-1,0,0,0,0,0,0,0,0,0,0,25,12,26,37,60,0,0,0,0,0,788,697,12837,12837,12837,1500,12838,0,0,10,31,0,0,0,0,0,0,0,0,0,0,0,0,0,0,0,0]} 1. e4 c5 2. Nf3 {[%cal Bg1f3,Bf3d4,Bd4e2,Be2c3,Bc3d5][%mdl 32]} d6 3. d4 cxd4 4. Nxd4 Nf6 5. Nc3 a6 6. h3 e5 7. Nde2 b5 {[%cal Bb7b5,Bb5b4][%mdl 32]} 8. Nd5 $1 {B90: Sicilian Najdorf: Unusual White 6th moves, 6 Be3 Ng4 and 6 Be3 e5} (8. Ng3 Qc7 9. Bd3 g6 10. O-O Bg7 11. Bd2 O-O 12. a4 b4 13. Na2 a5 14. c3 bxc3 15. Nxc3 Be6 {½-½ (40) Svidler,P (2760)-Khismatullin,D (2632) Sochi 2018}) 8... Nbd7 9. Nec3 Bb7 10. Bg5 {White has an edge.} Rc8 11. a4 b4 $1 {[%cal Rb4c3]} 12. Bxf6 Nxf6 13. Nxf6+ Qxf6 14. Nd5 Qg6 15. Qf3 Be7 {[#]} 16. O-O-O $146 Bd8 17. Kb1 O-O 18. g4 a5 19. Bb5 Rc5 20. h4 Bxd5 21. Rxd5 Rxd5 22. exd5 f5 23. g5 Qf7 24. Qd3 g6 25. f3 Qa7 26. Qe2 Kg7 27. Qg2 Qe3 28. Qe2 (28. Ka2 $15) 28... Qxe2 $17 29. Bxe2 {[%mdl 4096] Endgame KRB-KRB} h6 30. gxh6+ Kxh6 31. Ka2 Rh8 32. Kb3 Kg7 33. Kc4 $1 Bxh4 34. Kb5 e4 35. fxe4 $1 fxe4 36. Rf1 {[#]} (36. Rg1 $11) 36... Rc8 (36... Bg5 $1 $17 {Strongly threatening ...Rh2.} 37. Rg1 Rh2) 37. Rf4 $11 Rxc2 (37... Bd8 {with more complications.} 38. Rxe4 Rc5+ 39. Ka6 Rxd5 40. Re8 Bf6) 38. Rxe4 Rc5+ 39. Ka6 Bf6 40. b3 $1 Rxd5 41. Bb5 Rd1 42. Kxa5 d5 43. Re6 d4 44. Rd6 g5 45. Rd7+ Kg6 46. Kxb4 (46. Kb6 $14 g4 47. a5) 46... g4 47. a5 g3 {[#] Threatens to win with ...g2.} 48. Bc6 Rd2 $2 {[%mdl 8192]} (48... Ra1 $11) 49. a6 $18 g2 50. a7 g1=Q 51. a8=Q {Intending Qg8+ and mate.} Kf5 52. Qf8 $2 (52. Rf7 $18 {White wants to mate with Bd7+.} Rb2 53. Qc8+ Kf4 54. Rxf6+ Ke3 55. Qh3+ Kd2 56. Rf1 Rxb3+ 57. Kxb3) 52... Re2 $1 $11 53. Rd5+ Re5 54. Rxe5+ Kxe5 {The position is equal.} 55. Qe8+ Kf5 56. Qh5+ Kf4 57. Qf3+ Kg5 58. Be4 {aiming for Qf5+.} Qg4 59. Qxg4+ Kxg4 60. Kc4 Be7 61. b4 Bxb4 {Precision: White = 52%, Black = 57%.} 1/2-1/2

[Event "11th KIIT Festival 2018"]
[Site "Bhubaneswar"]
[Date "2018.05.27"]
[Round "4"]
[White "Saurabh Anand"]
[Black "Debashis, Das"]
[Result "1/2-1/2"]
[WhiteElo "2294"]
[BlackElo "2522"]
[Annotator "TA"]
[PlyCount "60"]
[EventDate "2018.??.??"]
[EventType "swiss"]
[EventCountry "IND"]
[SourceTitle "playchess.com"]
[Source "ChessBase"]
[SourceQuality "1"]

{[%evp 20,60,40,-8,0,-27,-9,-32,-33,-43,-31,-27,-37,-37,-22,-40,-39,-47,0,-20,6,5,8,0,13,8,18,-47,0,0,52,55,60,50,50,48,74,20,31,-56,0,0,0]} 1. e4 e5 2. Nf3 Nc6 3. d4 exd4 4. Nxd4 Nf6 {[%cal Bg8f6,Bf6d5,Bd5b6][%mdl 32]} 5. Nxc6 bxc6 6. e5 Qe7 7. Qe2 Nd5 8. c4 Nb6 9. Nc3 a5 10. f4 {C45: Scotch Game} (10. Bd2 Ba6 11. b3 Qe6 12. Qe4 O-O-O 13. Be2 Re8 14. O-O Qxe5 15. Qc2 Bd6 16. g3 Bb7 17. Bf3 Qf6 {½-½ (42) Van Foreest,J (2609)-Almasi,Z (2707) Heraklio 2017}) 10... Qe6 11. Qe4 {LiveBook: 8 Games} Bb4 12. Bd2 O-O 13. Bd3 {[%csl Gd3][%cal Re4h7] [#]} f5 14. exf6 {aiming for Qxe6+.} Qxe4+ 15. Nxe4 d5 16. cxd5 cxd5 17. Bxb4 $146 ({Predecessor:} 17. Ng5 gxf6 {0-1 (48) Perez Ferris,M (2208)-Mouron,D (2171) ICCF email 2011}) 17... axb4 18. Nc5 Rxf6 19. O-O Kf8 20. Bxh7 Ke7 21. Rac1 Rxa2 22. Nd3 Kd6 $1 23. Rf2 ({White should play} 23. Nxb4 $11 Rxb2 24. Nd3) 23... Bd7 24. Nxb4 Ra5 (24... Ra4 $11 25. Nd3 Bb5) 25. Nd3 $36 {[%mdl 2048] White fights for an advantage.} c5 26. b4 cxb4 27. Nxb4 g6 28. f5 (28. Nd3 $16) 28... gxf5 $11 29. Bxf5 (29. g4 $14) 29... Rxf5 (29... Bxf5 $15 30. Rc6+ Ke7) 30. Rxf5 Bxf5 {Precision: White = 37%, Black = 55%.} 1/2-1/2

[Event "11th KIIT Festival 2018"]
[Site "Bhubaneswar"]
[Date "2018.05.27"]
[Round "4"]
[White "Sahoo, Utkal Ranjan"]
[Black "Rahman, Ziaur"]
[Result "0-1"]
[WhiteElo "2281"]
[BlackElo "2495"]
[Annotator "TA"]
[PlyCount "62"]
[EventDate "2018.??.??"]
[EventType "swiss"]
[EventCountry "IND"]
[SourceTitle "playchess.com"]
[Source "ChessBase"]
[SourceQuality "1"]

{[%evp 13,62,12,20,-14,-2,-2,-2,0,-2,-34,-13,-64,-45,-67,-77,-99,-109,-106,-99,-97,-94,-112,-107,-106,-112,-133,-137,-123,-62,-75,-27,-109,-77,-135,-125,-169,-152,-305,-233,-419,-306,-270,-262,-458,-456,-452,-429,-761,-760,-738,-733]} 1. d4 d5 2. c4 Nc6 3. Nc3 dxc4 4. d5 Ne5 5. Qd4 Ng6 6. e4 {D07: Damengambit (Tschigorin-Verteidigung)} (6. Qxc4 a6 7. Qb3 Nf6 8. Nf3 b5 9. e4 e5 10. dxe6 Bxe6 11. Qc2 Bd6 12. Be2 O-O 13. O-O {½-½ (71) Mamedyarov,S (2760)-Morozevich,A (2765) Nice 2008}) 6... e5 7. Qxc4 a6 {LiveBook: 11 Partien} 8. a4 {Die Stellung ist ausgeglichen.} Bd6 9. g3 Nf6 10. Bg2 O-O 11. a5 b5 $146 {[%cal Bb7b5,Bb5b4][%mdl 32]} ({Vorgänger:} 11... Nd7 12. Nge2 b5 13. axb6 Nxb6 {½-½ (69) Verdier,P (2325)-Kovarcik,T (2150) Montpellier 1997}) 12. Qb3 ({Lieber} 12. axb6 $11 cxb6 13. Qb3) 12... Bd7 13. Nge2 b4 14. Nd1 Bb5 $36 {[%mdl 2048] Schwarz ist am Drücker.} 15. Bg5 h6 16. Bxf6 Qxf6 ({Doch nicht} 16... gxf6 $6 17. Ne3 $14) 17. Ne3 Ne7 {[%cal Bg6e7,Be7c8,Bc8d6][%mdl 32]} 18. Rc1 c6 19. Nc4 cxd5 20. exd5 Rad8 (20... Rac8 $17 21. Qd3 {[#]} e4 $1 {[%mdl 512]} 22. Bxe4 Rxc4 23. Rxc4 Qxb2) 21. O-O $15 Bc5 22. Qd3 (22. Nd2 $1 $11) 22... Nc8 23. Qd2 (23. Qf3 $142) 23... Nd6 $17 24. Ne3 Rc8 25. Kh1 $2 {[#]} (25. Rxc5 $17 Rxc5 26. Qxb4) 25... Qg6 26. b3 $2 (26. Rxc5 Rxc5 27. Qxb4) 26... Qd3 27. Qxd3 Bxd3 28. Rfe1 $2 (28. Rce1) 28... Bxe3 $19 {Schwarz steht klar auf Gewinn.} 29. fxe3 Bxe2 30. Rxc8 (30. Rc6 $142 Rxc6 31. dxc6) 30... Rxc8 31. Rxe2 Rc1+ {Precision: Weiß = 37%, Schwarz = 64%.} 0-1

[Event "11th KIIT Festival 2018"]
[Site "Bhubaneswar"]
[Date "2018.05.27"]
[Round "4"]
[White "Jayakumaar S"]
[Black "Visakh N R"]
[Result "0-1"]
[WhiteElo "2276"]
[BlackElo "2467"]
[Annotator "TA"]
[PlyCount "103"]
[EventDate "2018.??.??"]
[EventType "swiss"]
[EventCountry "IND"]
[SourceTitle "playchess.com"]
[Source "ChessBase"]
[SourceQuality "1"]

{[%evp 9,103,-14,-13,-15,-13,-8,0,0,21,0,20,20,43,43,34,20,20,12,38,19,33,33,18,28,36,0,6,-2,24,0,0,-74,-62,-70,-67,-75,-75,-83,-68,-121,-110,-104,-100,-116,-104,-109,-65,-65,-67,-66,-67,-70,-70,-52,0,0,19,19,19,19,19,20,13,20,20,20,20,28,73,72,95,35,35,35,34,32,147,52,75,29,30,14,60,0,8,8,8,8,8,0,0,0,0,0,8,8]} 1. d4 d5 2. Nc3 Nf6 3. Bf4 e6 4. e3 a6 5. Nf3 c5 6. dxc5 {D00: 1 d4 d5: Unusual lines} Bxc5 7. Bd3 Nc6 8. O-O Nb4 $146 ({Predecessor:} 8... Bd6 9. Bxd6 Qxd6 10. e4 d4 11. Ne2 e5 {½-½ (72) Sheng,J (2392)-Sargissian,G (2677) chess.com INT 2018}) 9. e4 dxe4 10. Bxe4 Qxd1 11. Rfxd1 Be7 12. a3 Nxe4 13. Nxe4 Nd5 14. Nd6+ Bxd6 15. Bxd6 f6 16. c4 Ne7 17. Rd3 e5 18. Re1 Ng6 19. g3 Kf7 20. c5 {[#]} (20. Rb3 $11) 20... e4 $1 $36 {[%cal Re4d3][%mdl 2048] Black has good play.} 21. Rxe4 {And now Ng5+ would win.} Bf5 22. Ree3 Bxd3 23. Rxd3 Rad8 24. h4 (24. Rb3 $15 Rd7 25. Nd2) 24... Rd7 25. Nd2 Ne7 26. Nc4 Nc8 27. Rf3 Ke6 {Threatens to win with ...b5.} 28. Bf4 Rd5 29. Re3+ Kd7 30. b4 Re8 31. Rc3 Re1+ ({Black should try} 31... Rd1+ $15 32. Kg2 Ne7) 32. Kg2 $11 Ke8 33. Ne3 Rd7 34. c6 bxc6 35. Rxc6 Ne7 36. Rxa6 Nd5 37. Nxd5 Rxd5 {[%mdl 4096] Endgame KRR-KRB} 38. Be3 Rb1 39. Bc5 h5 40. a4 (40. Re6+ $16 Kd8 41. a4) 40... g5 $1 $14 41. hxg5 fxg5 42. Kf3 {Strongly threatening Rh6.} h4 {[#]} (42... Re1 $14) 43. Kg4 ({Better is} 43. a5 $1 $16) 43... Rc1 44. Re6+ Kf7 45. Re4 Rh1 46. gxh4 (46. a5 $14) 46... Rxh4+ {The position is equal.} 47. Kf3 {Threatening Rxh4.} Rd3+ 48. Re3 Rd2 49. a5 {Hoping for a6.} Rf4+ 50. Kg3 {Black must now prevent a6.} Rfxf2 51. a6 {aiming for a7.} Rg2+ 52. Kf3 {[%mdl 32768] Precision: White = 50%, Black = 57%. . Sensor Board Error (Ke4/e5)?} 0-1

[Event "11th KIIT Festival 2018"]
[Site "Bhubaneswar"]
[Date "2018.05.27"]
[Round "4"]
[White "Patil, Pratik"]
[Black "Karthik Venkataraman"]
[Result "0-1"]
[WhiteElo "2259"]
[BlackElo "2457"]
[Annotator "TA"]
[PlyCount "75"]
[EventDate "2018.??.??"]
[EventType "swiss"]
[EventCountry "IND"]
[SourceTitle "playchess.com"]
[Source "ChessBase"]
[SourceQuality "1"]

{[%evp 9,75,30,28,-16,-7,-9,-1,-4,-10,-16,-18,-20,-22,-16,-10,-75,-69,-66,-62,-78,-80,-75,-87,-97,-101,-112,-96,-147,-136,-160,-153,-155,-145,-153,-140,-156,-156,-156,-149,-147,-146,-158,-147,-183,-166,-248,-181,-307,-328,-284,-313,-318,-298,-355,-356,-331,-245,-458,-454,-478,-433,-460,-475,-477,-473,-534,-525,-507]} 1. e4 {[%cal Be2e4,Be4d5][%mdl 32]} c5 2. c3 d5 3. exd5 Nf6 4. Bb5+ Nbd7 5. d4 (5. c4 a6 6. Bxd7+ Qxd7 7. d4 e6 8. Nf3 exd5 9. O-O dxc4 10. Qe2+ Be7 11. dxc5 O-O 12. Qxc4 {0-1 (39) Zumsande,M (2432)-Berg,E (2555) Germany 2015}) 5... a6 6. Bxd7+ {B22: Sicilian: 2 c3} Qxd7 7. dxc5 Qxd5 $146 ({Predecessor:} 7... Nxd5 8. Ne2 e5 9. O-O Bxc5 10. Nd2 O-O 11. Ne4 Ba7 12. Qb3 {0-1 (25) Frank Nielsen,M (1969)-Bjarnason,S (2226) Reykjavik 2008}) 8. Qxd5 {The position is equal.} Nxd5 9. Nd2 e5 10. Ngf3 f6 $1 11. Ne4 Bf5 12. Nd6+ (12. Nfd2 $11) 12... Bxd6 $1 $17 13. cxd6 O-O-O $36 {[%mdl 2048] Black is pushing.} 14. Bd2 Rxd6 15. c4 Nc7 16. Bb4 Rc6 17. b3 Bd3 18. Kd2 ({White should try} 18. Nd2) 18... Rd8 {...Bf1+ is the strong threat.} 19. Ke3 {[#]} b5 $1 {[%cal Rb5c4]} 20. Rhd1 bxc4 21. bxc4 Rxc4 22. Rxd3 Rxd3+ 23. Kxd3 Rxb4 {[%mdl 4096] Endgame KRN-KRN} 24. Nd2 Rh4 25. h3 Nd5 26. Rc1+ Kd7 27. Nb3 (27. Kc2 {was necessary.}) 27... Kd6 28. Rc8 (28. Ke2 {was worth a try.}) 28... Nf4+ $19 29. Kc2 Nxg2 30. Rg8 Rf4 ({But not} 30... Rxh3 31. Rxg7 Ne1+ 32. Kd1 $19) 31. Rxg7 Rxf2+ 32. Kc3 h5 33. a4 $2 (33. Nd2 {was the only chance.} Re2 34. Nc4+ Kc5 35. Rc7+ Kd5 36. a4) 33... Nf4 {Black is clearly winning.} 34. Nd2 {[#] Strongly threatening Ne4+.} Ke6 35. Ra7 Nd5+ 36. Kd3 Kf5 37. Nb3 Rf3+ 38. Kc4 {Precision: White = 34%, Black = 88%.} 0-1

[Event "11th KIIT Festival 2018"]
[Site "Bhubaneswar"]
[Date "2018.05.27"]
[Round "4"]
[White "Wagh Suyog"]
[Black "Khusenkhojaev, Muhammad"]
[Result "1/2-1/2"]
[WhiteElo "2231"]
[BlackElo "2456"]
[Annotator "TA"]
[PlyCount "27"]
[EventDate "2018.??.??"]
[EventType "swiss"]
[EventCountry "IND"]
[SourceTitle "playchess.com"]
[Source "ChessBase"]
[SourceQuality "1"]

{[%evp 11,18,7,26,0,4,-2,10,-4,5]} 1. Nf3 Nf6 2. g3 d5 3. Bg2 g6 4. O-O Bg7 5. d4 O-O 6. Nbd2 b6 7. b3 {D02: 1 d4 d5 2 Nf3 sidelines, including 2...Nf6 3 g3 and 2...Nf6 3 Bf4} Bb7 {The position is equal.} 8. Bb2 c5 9. c4 Nbd7 {Predecessor:} 10. Rc1 $146 Rc8 11. Rc2 dxc4 12. Nxc4 b5 13. Ne3 cxd4 14. Bxd4 {½-½ (28) Meier,G (2654)-Dubov,D (2661) Berlin 2015} 1/2-1/2